All Basket Random Modifiers - Statistics

General Stats
  • This quiz has been taken 22 times
  • The average score is 10 of 12
Answer Stats
Hint Answer % Correct
Ball Double Point
94%
Ball Heavy Ball
94%
Ball Light Ball
94%
Hoop Short Hoop
88%
Player Long Arm
82%
Player Short Arm
82%
Map Snow
82%
Player Big Head
76%
Hoop Long Hoop
76%
Hoop Large Hoop
71%
Player Small Head
65%
Player Buisness
47%
No matching quizzes found
Score Distribution
Percent of People with Each Score
Percentile by Number Answered
Your Score History
You have not taken this quiz